Tallest Buildings in the United States - Statistics

General Stats
  • This quiz has been taken 18 times
  • The average score is 6 of 25
Answer Stats
Height (ft) City Building % Correct
1,250 New York City Empire State Building
93%
1,451 Chicago Willis Tower
80%
1,776 New York City One World Trade Center
73%
1,389 Chicago Trump International Hotel and Tower (Chicago)
53%
1,046 New York City Chrysler Building
47%
1,023 Atlanta Bank of America Plaza
33%
1,200 New York City Bank of America Tower
33%
1,127 Chicago John Hancock Center
27%
1,396 New York City 432 Park Avenue
20%
1,136 Chicago Aon Center
20%
1,046 New York City The New York Times Building
20%
1,018 Los Angeles U.S. Bank Tower
20%
947 Cleveland Key Tower
13%
961 Chicago 311 South Wacker Drive
7%
1,079 New York City 3 World Trade Center
7%
952 New York City 70 Pine Street
7%
975 Philadelphia Comcast Center
7%
977 New York City Four World Trade Center
7%
1,007 Chicago Franklin Center
7%
1,002 Houston JPMorgan Chase Tower
7%
1,005 New York City One57
7%
945 Philadelphia One Liberty Place
7%
995 Chicago Two Prudential Plaza
7%
992 Houston Wells Fargo Plaza
7%
967 Seattle Columbia Center
0%
No matching quizzes found
Score Distribution
Percent of People with Each Score
Percentile by Number Answered
Your Score History
You have not taken this quiz